000 00310nam a22001337a 4500
008 171005b xxu||||| |||| 00| 0 eng d
020 _a9780495789109
041 _aeng
080 _28TH
_a519.9
100 _a48
101 _aPSI
245 _aCOGNITION THEORIES AND APPLICATIONS
_cREED,S.K
942 _2udc
_cBK
999 _c31906
_d31906